000 01713nam0a2200361 4500
001 RU\NLR\bibl\426262
005 20250622175211.0
021 _aRU
_b2003-28399
_91326
035 _a(NLR Aleph) 000420145
090 _a689759
_c689759
100 _a20030717d2003 |||y0rusy50 ca
101 0 _arus
102 _aRU
105 _ay |||||||||
200 1 _aЭкономическая оценка результативности осуществления инвестиционных проектов в гостиничном хозяйстве
_fГ. Г. Чаргазия
_gМ-во образования Рос. Федерации, С.-Петерб. гос. ун-т экономики и финансов
205 _aПрепр.
210 _aСПб.
_cИзд-во С.-Петерб. гос. ун-та экономики и финансов
_d2003
215 _a21 с.
_d20
320 _aБиблиогр.: с. 21
606 0 _aГостиничное хозяйство
_xИнвестиции капитала
_yРоссийская Федерация
_92299210
_3RU\NLR\auth\661376624
610 0 _aИнвестиционные проекты - Оценка
610 0 _aГостиничное хозяйство - Кредитование и финансирование - Экономическая эффективность
675 _a338.482.2
_v3
_zrus
686 _a06.75
_2rugasnti
686 _a65.433
_2rubbk
686 _aУ44(2)135.7(2Р)
700 1 _aЧаргазия
_bГ. Г.
_gГригорий Григорьевич
_4070
801 0 _aRU
_bRKP
_c20030717
_gPSBO
801 1 _aRU
_bRKP
_c20030717
801 2 _aRU
_bNLR
_c20030829
_grcr
942 _cBOOK
980 _aNB